Power of Illustration (Record no. 4587)

MARC details
000 -LEADER
fixed length control field 00277nam a22001337a 4500
005 - DATE AND TIME OF LATEST TRANSACTION
control field 20160629110816.0
008 - FIXED-LENGTH DATA ELEMENTS--GENERAL INFORMATION
fixed length control field 160629b xxu||||| |||| 00| 0 eng d
041 ## - LANGUAGE CODE
Language code of text/sound track or separate title eng
082 ## - DEWEY DECIMAL CLASSIFICATION NUMBER
Item number 10981
245 ## - TITLE STATEMENT
Title Power of Illustration
260 ## - PUBLICATION, DISTRIBUTION, ETC. (IMPRINT)
Name of publisher Wabcom
300 ## - PHYSICAL DESCRIPTION
Number of Pages 157
942 ## - ADDED ENTRY ELEMENTS (KOHA)
Koha item type Books

No items available.